| 000 | 00653nam a2200217Ia 4500 | ||
|---|---|---|---|
| 005 | 20250108125134.0 | ||
| 008 | 008 250107s9999 xx 000 0 hin d | ||
| 020 | _a978-93-85158-70-4 | ||
| 037 | _aREF | ||
| 040 |
_aCRL _bhin _cCRL |
||
| 041 |
_ahin _2hin |
||
| 084 | _ak1 Q4.1-.5 (RR) | ||
| 084 | _qCRL | ||
| 245 | 0 | _aपोषण उत्सव | |
| 260 |
_aनई दिल्ली, भारत _bदीनदयाल शोध संस्थान _c3440 |
||
| 300 | _a277पृ0 | ||
| 365 |
_aINR _b1600 |
||
| 650 | _aऔषधी शास्त्र | ||
| 942 |
_cREF _hk1 Q4.1-.5 (RR) |
||
| 999 |
_c1235828 _d1235828 |
||